<?xml version="1.0" encoding="UTF-8"?>
<record
    xmlns:xsi="http://www.w3.org/2001/XMLSchema-instance"
    xsi:schemaLocation="http://www.loc.gov/MARC21/slim http://www.loc.gov/standards/marcxml/schema/MARC21slim.xsd"
    xmlns="http://www.loc.gov/MARC21/slim">

  <leader>00905nam2a2200205   4500</leader>
  <controlfield tag="001">RU\NLR\PER_B\2739336_1996_3</controlfield>
  <controlfield tag="005">20250625114238.0</controlfield>
  <datafield tag="035" ind1=" " ind2=" ">
    <subfield code="a">(NLR Aleph) 022086088</subfield>
  </datafield>
  <datafield tag="090" ind1=" " ind2=" ">
    <subfield code="a">12703208</subfield>
    <subfield code="c">12703208</subfield>
  </datafield>
  <datafield tag="100" ind1=" " ind2=" ">
    <subfield code="a">20231201d1996    |||y0rusy50      ca</subfield>
  </datafield>
  <datafield tag="101" ind1="0" ind2=" ">
    <subfield code="a">rus</subfield>
  </datafield>
  <datafield tag="102" ind1=" " ind2=" ">
    <subfield code="a">RU</subfield>
  </datafield>
  <datafield tag="200" ind1="0" ind2=" ">
    <subfield code="a">1996, &#x2116; 3</subfield>
    <subfield code="e">&#x434;&#x435;&#x43A;&#x430;&#x431;&#x440;&#x44C; 1996 / &#x44F;&#x43D;&#x432;&#x430;&#x440;&#x44C; 1997</subfield>
  </datafield>
  <datafield tag="210" ind1=" " ind2=" ">
    <subfield code="d">1996</subfield>
    <subfield code="a">&#x411;. &#x43C;.</subfield>
  </datafield>
  <datafield tag="461" ind1=" " ind2="0">
    <subfield code="1">001RU\NLR\INFOCOMM17\1000377004</subfield>
    <subfield code="1">2001#$a&#x412;&#x44B;&#x431;&#x43E;&#x440;&#x433;$e&#x41C;&#x435;&#x436;&#x434;&#x443;&#x43D;&#x430;&#x440;. &#x436;&#x443;&#x440;&#x43D;.-&#x442;&#x440;&#x430;&#x43D;&#x437;&#x438;&#x442;$f&#x423;&#x447;&#x440;&#x435;&#x434;&#x438;&#x442;&#x435;&#x43B;&#x44C;: "&#x41E;&#x41E;&#x41E; &#x420;&#x435;&#x43A;&#x43B;.-&#x438;&#x437;&#x434;. &#x430;&#x433;&#x435;&#x43D;&#x442;&#x441;&#x442;&#x432;&#x43E; "&#x412;&#x438;&#x43A;&#x438;&#x43D;&#x433;"$v1996, &#x2116; 3</subfield>
    <subfield code="9">2038731</subfield>
    <subfield code="c">&#x412;&#x44B;&#x431;&#x43E;&#x440;&#x433;</subfield>
    <subfield code="d">1996 -</subfield>
    <subfield code="f">&#x423;&#x447;&#x440;&#x435;&#x434;&#x438;&#x442;&#x435;&#x43B;&#x44C;: "&#x41E;&#x41E;&#x41E; &#x420;&#x435;&#x43A;&#x43B;.-&#x438;&#x437;&#x434;. &#x430;&#x433;&#x435;&#x43D;&#x442;&#x441;&#x442;&#x432;&#x43E; "&#x412;&#x438;&#x43A;&#x438;&#x43D;&#x433;"</subfield>
    <subfield code="n">&#x420;&#x418;&#x410; "&#x412;&#x438;&#x43A;&#x438;&#x43D;&#x433;"</subfield>
    <subfield code="o">&#x41C;&#x435;&#x436;&#x434;&#x443;&#x43D;&#x430;&#x440;. &#x436;&#x443;&#x440;&#x43D;.-&#x442;&#x440;&#x430;&#x43D;&#x437;&#x438;&#x442;</subfield>
    <subfield code="t">&#x412;&#x44B;&#x431;&#x43E;&#x440;&#x433;</subfield>
    <subfield code="v">1996, &#x2116; 3</subfield>
  </datafield>
  <datafield tag="852" ind1=" " ind2=" ">
    <subfield code="a">NLR</subfield>
    <subfield code="j">&#x41F;23/4048</subfield>
  </datafield>
  <datafield tag="942" ind1=" " ind2=" ">
    <subfield code="c">ISSUE</subfield>
  </datafield>
  <datafield tag="980" ind1=" " ind2=" ">
    <subfield code="a">NB</subfield>
  </datafield>
  <datafield tag="980" ind1=" " ind2=" ">
    <subfield code="a">RUSPER</subfield>
  </datafield>
</record>
